Aveya mannina atada bandi. (Record no. 99751)
[ view plain ]
| 000 -LEADER | |
|---|---|
| fixed length control field | 00649nam a2200205Ia 4500 |
| 003 - CONTROL NUMBER IDENTIFIER | |
| control field | OSt |
| 005 - DATE AND TIME OF LATEST TRANSACTION | |
| control field | 20240612114143.0 |
| 008 - FIXED-LENGTH DATA ELEMENTS--GENERAL INFORMATION | |
| fixed length control field | 210210b1987 xxu||||| |||| 00| 0 eng d |
| 040 ## - CATALOGING SOURCE | |
| Transcribing agency | AL |
| 041 ## - LANGUAGE CODE | |
| Language code of text/sound track or separate title | Kannada |
| 082 ## - DEWEY DECIMAL CLASSIFICATION NUMBER | |
| Classification number | K894.2 BANA |
| 100 ## - MAIN ENTRY--PERSONAL NAME | |
| Personal name | BANNANJE GOVINDACHARYA. |
| 9 (RLIN) | 138737 |
| Dates associated with a name | ಬನ್ನಂಜೆ ಗೋವಿಂದಾಚಾರ್ಯ |
| 245 ## - TITLE STATEMENT | |
| Title | Aveya mannina atada bandi. |
| Remainder of title | ಅವೆಯ ಮಣ್ಣಿನ ಆಟದ ಬಂಡಿ |
| 260 ## - PUBLICATION, DISTRIBUTION, ETC. | |
| Place of publication, distribution, etc. | Udupi |
| Name of publisher, distributor, etc. | Rashtrakavi Govinda Pai Samshodhana Kendra |
| Date of publication, distribution, etc. | 1987 |
| 300 ## - PHYSICAL DESCRIPTION | |
| Extent | 220 |
| 650 ## - SUBJECT ADDED ENTRY--TOPICAL TERM | |
| Topical term or geographic name entry element | Mrachchhakatika |
| 9 (RLIN) | 138738 |
| 690 ## - LOCAL SUBJECT ADDED ENTRY--TOPICAL TERM (OCLC, RLIN) | |
| Topical term or geographic name as entry element | Kannada Drama |
| 9 (RLIN) | 138739 |
| 906 ## - LOCAL DATA ELEMENT F, LDF (RLIN) | |
| a | 051262 |
| 942 ## - ADDED ENTRY ELEMENTS (KOHA) | |
| Source of classification or shelving scheme | Dewey Decimal Classification |
| Koha item type | Book |
| Withdrawn status | Lost status | Damaged status | Not for loan | Collection code | Home library | Current library | Shelving location | Date acquired | Cost, normal purchase price | Total Checkouts | Full call number | Barcode | Date last seen | Price effective from | Koha item type |
|---|---|---|---|---|---|---|---|---|---|---|---|---|---|---|---|
| St Aloysius Library | St Aloysius Library | 02/17/2021 | 60.00 | K894.2 BANA | 051262 | 02/17/2021 | 02/17/2021 | Book |